|
|
|
|
| LEADER |
00000nam0a2200000 4500 |
| 001 |
260241 |
| 005 |
20231101233448.0 |
| 035 |
|
|
|a (RuTPU)RU\TPU\book\283189
|
| 090 |
|
|
|a 260241
|
| 100 |
|
|
|a 20140514d1974 k y0rusy50 ca
|
| 101 |
0 |
|
|a rus
|
| 102 |
|
|
|a RU
|
| 105 |
|
|
|a a z 001zy
|
| 200 |
1 |
|
|a Статистические методы анализа случайных сигналов в ядернофизическом эксперименте
|f А. Ф. Чернявский, С. В. Бекетов, А. В. Потапов
|g под ред. А. Н. Писаревского
|
| 210 |
|
|
|a Москва
|c Атомиздат
|d 1974
|
| 215 |
|
|
|a 352 с.
|c ил.
|
| 320 |
|
|
|a Библиогр.: с. 338-351.
|
| 606 |
1 |
|
|a Ядерная физика
|x Математические методы
|2 stltpush
|3 (RuTPU)RU\TPU\subj\21562
|
| 606 |
1 |
|
|a Ядерные исследования
|x Приборы
|2 stltpush
|3 (RuTPU)RU\TPU\subj\21609
|9 46567
|
| 610 |
1 |
|
|a сигналы
|
| 610 |
1 |
|
|a параметры
|
| 610 |
1 |
|
|a оценка
|
| 610 |
1 |
|
|a временной анализ
|
| 610 |
1 |
|
|a схемы
|
| 610 |
1 |
|
|a обработка
|
| 610 |
1 |
|
|a амплитудный анализ
|
| 610 |
1 |
|
|a шумы
|
| 610 |
1 |
|
|a аналоговые системы
|
| 675 |
|
|
|a 539.14
|v 3
|
| 675 |
|
|
|a 539.1.07
|v 3
|
| 700 |
|
1 |
|a Чернявский
|b А. Ф.
|g Александр Федорович
|
| 701 |
|
1 |
|a Бекетов
|b С. В.
|g Сергей Вячеславович
|
| 701 |
|
1 |
|a Потапов
|b А. В.
|g Александр Васильевич
|
| 702 |
|
1 |
|a Писаревский
|b А. Н.
|4 340
|
| 801 |
|
1 |
|a RU
|b 63413507
|c 20140514
|
| 801 |
|
2 |
|a RU
|b 63413507
|c 20191021
|g RCR
|
| 942 |
|
|
|c BK
|